Fr. Conceicao Rodrigues College of Engineering

Improving employee performance through workplace coaching-Performance management (Record no. 25597)

MARC details
000 -LEADER
fixed length control field 00384nam a2200145Ia 4500
082 ## - DEWEY DECIMAL CLASSIFICATION NUMBER
Classification number 658.3125/CAR
Item number CAR
100 ## - MAIN ENTRY--PERSONAL NAME
Personal name Carter/Earl M.A
245 ## - TITLE STATEMENT
Title Improving employee performance through workplace coaching-Performance management
260 ## - PUBLICATION, DISTRIBUTION, ETC.
Name of publisher, distributor, etc. Kogan Page
Place of publication, distribution, etc. New Delhi
Date of publication, distribution, etc. 2005
366 ## - TRADE AVAILABILITY INFORMATION
Publishers's discount category 20
300 ## - PHYSICAL DESCRIPTION
Extent 178
546 ## - LANGUAGE NOTE
Language note ENGLISH
654 ## - SUBJECT ADDED ENTRY--FACETED TOPICAL TERMS
Focus term performance management
942 ## - ADDED ENTRY ELEMENTS (KOHA)
Koha item type BOOK
Holdings
Withdrawn status Lost status Damaged status Not for loan Collection Home library Current library Date acquired Source of acquisition Cost, normal purchase price Inventory number Total Checkouts Full call number Barcode Date last seen Cost, replacement price Price effective from Koha item type
        CRC Fr. Agnel's C.Rodrigues College of Engineering Fr. Agnel's C.Rodrigues College of Engineering 17/03/2023 United Book Distributors 180.00 6282 dt 26/03/2008   658.3125/CAR CAR 18646 17/03/2023 225.00   BOOK